00326nam a22000857a 4500008004100000022001400041040005500055245005600110260007400166240606b |||||||| |||| 00| 0 eng d a0971-7447 aNational Science LibrarycNational Science Library aEnvis bulletin: bHimalayan ecology and development aAlmora: bG B Pant Institute of Himalayan Environment and Development